000 00292nam a22001337a 4500
008 181002b xxu||||| |||| 00| 0 eng d
020 _a0803681534
041 _aeng
080 _a611
100 _a6
101 _aANA
245 _aEssentials of Gross Anatomy
_cStern,J.T
942 _2udc
_cBK
999 _c48784
_d48784